000 00360pab a2200157 454500
008 180718b2014 xxu||||| |||| 00| 0 eng d
100 _aArora, Dolly
245 _aAdministrative reforms: An assessment
260 _c2014
300 _ap.59-62.
362 _aMar
650 _aAdministrative reform
773 _aYojana
908 _aN
909 _a103893
999 _c103889
_d103889